Państwa które we fladze mają flagę polski - Statystyki

Ogólne statystyki
  • Ten quiz został rozwiązany 162 razy
  • Średni wynik to 7 z 32
Statystyki odpowiedzi
Hint Odpowiedź % Poprawnych
A Austria
68%
D Dania
54%
S Stany Zjednoczone
46%
W Wielka Brytania
44%
A Australia
38%
N Norwegia
38%
O Oman
37%
G Gruzja
30%
I Iran
30%
C Chile
29%
F Fidżi
26%
I Islandia
23%
N Nowa Zelandia
23%
M Liban
22%
S Szwajcaria
20%
T Tajlandia
20%
D Dominikana
19%
K Kostaryka
19%
A Antigua i Barbuda
18%
L Malezja
18%
K Kuwejt
17%
L Liberia
14%
T Tuvalu
14%
T Tadżykistan
13%
K Korea Północna
12%
T Tonga
12%
G Gwinea Równikowa
9%
K Kenia
5%
R Republika Zielonego Przylądka
5%
K Komory
4%
S Sudan Południowy
3%
S Surinam
3%
Nie znaleziono quizów pasujących do podanych kryteriów
Rozkład punktacji
Procent ludzi z każdym wynikiem
Percentyl według liczby udzielonych odpowiedzi
Twoja historia wyników
Nie rozwiązałeś tego quizu